[Event "93rd FRA-ch Acession 2018"]
[Site "Nimes"]
[Date "2018.08.24"]
[Round "7"]
[White "Philippe, Guillaume"]
[Black "Lagarde, Maxime"]
[Result "0-1"]
[WhiteElo "2357"]
[BlackElo "2607"]
[Annotator "TA"]
[PlyCount "164"]
[EventDate "2018.08.18"]
[EventType "tourn"]
[EventCountry "FRA"]
[SourceTitle "playchess.com"]
[Source "ChessBase"]
[SourceQuality "1"]

{[%evp 9,164,6,14,0,8,2,12,3,0,8,13,16,20,0,28,29,31,29,26,0,0,0,0,0,30,11,16,15,24,0,0,0,0,0,0,0,15,12,39,37,39,0,0,0,0,-13,0,-26,-33,-35,-45,-211,-187,-488,-131,-142,-77,-87,-110,-104,-112,-129,-54,-86,-76,-87,-12,-10,2,5,22,19,19,18,24,0,0,0,0,0,0,0,0,0,0,-106,-98,-97,-87,-90,-91,-90,0,0,0,0,-28,-17,-15,-16,-16,-22,0,0,0,0,0,0,0,0,0,0,0,0,-20,-117,-54,-80,0,-186,-194,-243,-192,-195,-173,-256,-251,-254,-173,-173,-171,-397,-388,-381,-383,-359,-333,-733,-677,-576,-313,-532,-543,-522,-464,-605,-595,-12841,-12841,-12845,-12846,-12846,-12839,-12840,-12840,-12850,-12850]} 1. Nf3 Nf6 2. e3 g6 3. b4 (3. b3 Bg7 4. Bb2 O-O 5. d4 c5 6. d5 b5 7. Be2 Qa5+ 8. c3 Bb7 9. a4 Nxd5 10. axb5 Qb6 11. O-O a6 12. bxa6 Nxa6 13. Qc2 Nab4 {½-½ (84) Nakamura,H (2785)-Grischuk,A (2761) Paris 2017}) 3... e6 4. a3 a5 5. b5 Bg7 6. Bb2 {A05: Réti Opening: 1 Nf3 Nf6} O-O 7. c4 $146 ({Predecessor:} 7. Be2 b6 8. d4 d5 9. Nbd2 c6 10. a4 Ne8 {0-1 (39) Gainanov,R-Safin,N Maloyaz 2011}) 7... c5 8. Nc3 {The position is equal.} d5 9. Na4 Nbd7 10. Rc1 Qe7 11. Qb3 dxc4 12. Bxc4 b6 13. Ne5 Bb7 14. Nxd7 Nxd7 15. Bxg7 Kxg7 16. O-O Rfd8 (16... e5 {keeps more tension.} 17. d4 exd4 18. exd4 cxd4 19. Bd5 Rab8) 17. d3 Rab8 18. f4 Bd5 19. Rcd1 Nf6 {[%cal Bd7f6,Bf6h5,Bh5g3][%mdl 32]} 20. Qc3 Kg8 21. h3 Rd6 22. Nb2 Nh5 23. e4 Ng3 24. Rfe1 Bb7 25. Kh2 Nh5 $1 26. Rf1 Rd4 27. Qe1 Rbd8 28. g4 Ng7 29. Qg3 Kh8 30. f5 $2 (30. Qe1 $15) 30... gxf5 $1 $19 31. exf5 $2 {[#]} (31. Kg1) 31... exf5 $2 (31... Nxf5 $1 $19 {[%mdl 512] is more deadly.} 32. Qe5+ (32. gxf5 $2 Rg8 $19) 32... f6) 32. Rde1 $17 Qf6 (32... Qg5 $142 33. gxf5 Qxg3+ 34. Kxg3 Rg8) 33. g5 Qg6 $1 34. Re7 Bd5 35. Qc7 Ba8 ({Black should play} 35... Rf8 $17 36. Rg1 Bxc4 37. Nxc4 Ne6 38. Qe5+ Kg8) 36. Rxf7 Qxg5 {[%csl Ga8][%cal Rg5g2]} 37. Qg3 Qxg3+ (37... Qh6 $17 {Threatens to win with ...Re8.} 38. Nd1 Bd5 39. Bxd5 R4xd5) 38. Kxg3 $11 f4+ 39. Kf2 Ne8 40. Rf8+ Kg7 41. Rg8+ Kh6 42. Re1 Ng7 $1 $36 {[%mdl 2048] Black fights for an advantage.} 43. Rxd8 Rxd8 44. Na4 Rd6 45. Re7 Rg6 46. Rf7 Nh5 47. Rf5 (47. h4 $11 {remains equal.}) 47... Rg2+ $17 48. Ke1 Bf3 $1 49. Re5 Ng3 ({Weaker is} 49... Rg6 50. Re6 $16) 50. Nxb6 Bh5 (50... Bb7 $1 $17 51. Re6+ Kg5 52. Re5+ Kh6 53. Re6+ Kg5 54. Re5+ Kh6) 51. Bd5 $1 $11 {[%cal Rd5g2]} f3 {( -> ...f2+)} 52. Rxh5+ $1 Nxh5 53. Bxf3 {[%mdl 4096] Endgame KRN-KBN} Rb2 $1 {[%cal Rb2b5]} 54. a4 $1 Nf4 55. Be4 $1 Nxh3 56. Nc4 Rb4 57. b6 Rxa4 {Strongly threatening ...Rb4.} 58. b7 Rb4 {And now ...a4 would win.} 59. Nxa5 Kg7 60. Kd2 h5 61. Kc3 {Black must now prevent Nb3.} Ng1 62. Nc4 (62. Kd2 $11) 62... Ne2+ (62... Kf6 $17 {...Ne2+ is the strong threat.} 63. Kd2 Ke7) 63. Kd2 $15 {[#]} Nd4 (63... Ng3 $1 $17 {[%cal Rg3e4]} 64. Bd5 Nf5) 64. Ke3 $2 (64. Ne5 $1 $11 {and White has nothing to worry.} Nb3+ 65. Kc3) 64... Kf6 65. Kf4 {[#]} Ne6+ $1 66. Kg3 Nd8 67. Kh4 (67. Na5 $142) 67... Nxb7 $19 68. Kxh5 Nd8 69. Kg4 Ne6 70. Ne3 $2 (70. Kf3 {is a better defense.}) 70... Ke5 71. Kg3 Rb8 72. Nc4+ Kd4 73. Nd6 $2 (73. Kg4) 73... Rf8 74. Kg4 Rf1 75. Nf5+ $2 (75. Nb5+ Ke5 76. Na3) 75... Kc3 {Black is clearly winning.} 76. Ne3 Rf4+ 77. Kg3 Rf8 78. Kg4 Nf4 79. Nd1+ Kd4 80. Nb2 Ne2 81. Bf5 Nc1 82. Kf4 Nxd3+ {Precision: White = 45%, Black = 53%.} 0-1

[Event "93rd FRA-ch Acession 2018"]
[Site "Nimes"]
[Date "2018.08.24"]
[Round "7"]
[White "Favarel, Julien"]
[Black "Riff, Jean-Noel"]
[Result "1/2-1/2"]
[WhiteElo "2249"]
[BlackElo "2510"]
[Annotator "TA"]
[PlyCount "86"]
[EventDate "2018.08.18"]
[EventType "tourn"]
[EventCountry "FRA"]
[SourceTitle "playchess.com"]
[Source "ChessBase"]
[SourceQuality "1"]

{[%evp 14,86,27,25,31,10,41,39,41,36,39,40,50,50,74,73,64,44,48,38,57,24,42,-91,-51,-60,0,0,21,11,0,14,0,-16,-20,-33,-38,-87,-87,-145,-137,-137,-143,-262,0,0,0,0,0,0,0,0,0,0,0,0,0,0,0,0,0,0,0,0,0,0,0,0,0,0,0,0,0,0,0]} 1. e4 e5 2. Nf3 Nc6 3. Bc4 Nf6 4. d3 {[%cal Bd2d3,Bd3d4,Bd4d5][%mdl 32]} h6 5. O-O d6 6. c3 g5 {C55: Two Knights: 4 d3, 4 d4 exd4 5 e5 and Max Lange Attack} 7. Re1 (7. a4 Bg7 8. Re1 O-O 9. h3 d5 10. exd5 Nxd5 11. Nbd2 a6 12. Ne4 Nf4 13. a5 b5 14. axb6 cxb6 {1-0 (43) Karjakin,S (2782)-Mamedyarov,S (2808) Paris 2018}) 7... Bg7 8. d4 {LiveBook: 5 Games} Bg4 {White has an edge.} 9. Bb5 Nd7 10. d5 Ne7 11. Be2 $146 ({Predecessor:} 11. h3 Bxf3 12. Bxd7+ Qxd7 13. Qxf3 Ng6 14. Nd2 {0-1 (31) Huschenbeth,N (2549)-Grandelius,N (2646) Batumi 2018}) 11... Nf6 12. Nfd2 Bd7 13. c4 g4 14. Nc3 h5 15. Nf1 Ng6 16. Ne3 Bh6 17. Bf1 h4 18. Nf5 (18. g3 $14 {keeps the upper hand.}) 18... Bxc1 $17 19. Rxc1 g3 (19... Nxe4 $1 $15 20. Ng7+ (20. Nxe4 Bxf5 21. c5 O-O $15) (20. Qxg4 Nxc3 21. Rxc3 Qf6 $15) 20... Kf8 21. Ne6+ Bxe6 22. dxe6 Nxc3 23. Rxc3 f5) 20. fxg3 hxg3 21. hxg3 Nxe4 22. Nxe4 Bxf5 23. Bd3 Bxe4 24. Bxe4 Qg5 {White must now prevent ...f5.} 25. Qf3 Ne7 $1 26. g4 (26. Qe3 $142 Rg8 27. Rc3) 26... Rh4 27. Rf1 {[#]} O-O-O $1 28. c5 {[#]} (28. Qf6 $17 Qxg4 29. Bf5+ Nxf5 30. Qxf5+ Qxf5 31. Rxf5) 28... Rdh8 $2 ({And not} 28... Qxg4 29. cxd6 Rxd6 30. Qxf7 $14) ({Better is} 28... Kb8 $1 $19 29. Qf6 Qe3+ 30. Qf2 Qh6) 29. cxd6 $1 $11 {The position is equal.} Rh1+ 30. Kf2 Rxf1+ 31. Rxf1 cxd6 32. Qxf7 Kb8 33. Qe6 Qd2+ (33... Rh6 $5 34. Qd7 $8 Qf4+ 35. Bf3 Nc8 $11) 34. Kg3 $1 Qe3+ 35. Rf3 Qe1+ 36. Rf2 Nc8 37. Bf5 Qe3+ 38. Rf3 Qc1 39. Rf2 Qc5 40. Qf6 Qe3+ 41. Rf3 Qe1+ 42. Rf2 Qe3+ 43. Rf3 Qe1+ {Precision: White = 55%, Black = 61%.} 1/2-1/2

[Event "93rd FRA-ch Acession 2018"]
[Site "Nimes"]
[Date "2018.08.25"]
[Round "8"]
[White "Riff, Jean-Noel"]
[Black "Lagarde, Maxime"]
[Result "0-1"]
[WhiteElo "2510"]
[BlackElo "2607"]
[Annotator "TA"]
[PlyCount "66"]
[EventDate "2018.08.18"]
[EventType "tourn"]
[EventCountry "FRA"]
[SourceTitle "playchess.com"]
[Source "ChessBase"]
[SourceQuality "1"]

{[%evp 10,66,24,32,77,46,83,57,67,61,76,58,68,57,81,41,53,14,29,10,60,22,31,4,10,13,10,2,31,60,31,0,6,-61,-61,-61,-70,-65,-68,-58,-58,-66,-54,-68,-61,-58,-63,-141,-135,-131,-118,-126,-123,-130,-129,-141,-140,-152,-97]} 1. e4 e6 2. d4 d5 3. Nd2 h6 (3... Be7 4. c3 c5 5. exd5 Qxd5 6. Ngf3 Nf6 7. Bc4 Qd8 8. dxc5 Bxc5 9. Qe2 O-O 10. O-O Nbd7 11. Ne4 Be7 12. Bf4 Nxe4 13. Qxe4 {0-1 (50) Svidler,P (2753)-Yu,Y (2759) Shenzhen 2018}) 4. Ngf3 Nf6 5. e5 Nfd7 6. c4 {LiveBook: 35 Games. C03: French Tarrasch: Unusual Black 3rd moves} Nc6 7. Bd3 $146 ({Predecessor:} 7. c5 b6 8. Qa4 Bb7 9. b4 a6 10. Rb1 Ncb8 11. Qc2 {1-0 (65) Tran,T (2335)-Bui,V (2438) Da Lat 2011}) 7... b6 8. O-O {White is better.} Nb4 9. Bb1 dxc4 10. Nxc4 Bb7 11. Re1 b5 12. Ncd2 c5 13. a3 Nd5 14. Ne4 c4 15. b3 c3 16. Bd3 Qb6 17. b4 a5 18. bxa5 Rxa5 19. Rb1 Be7 20. Rb3 O-O $1 21. Qe2 (21. Nxc3 $11 Nxc3 22. Rxc3) 21... Rfa8 $15 22. Nxc3 Nxc3 23. Rxc3 Bxa3 24. Bxa3 Rxa3 25. Rxa3 Rxa3 26. Bxb5 Bxf3 $1 27. gxf3 Nf8 28. Rc1 ({Better is} 28. Bd3 $15) 28... Qxd4 $17 29. Rc8 Rc3 30. Rxc3 Qxc3 31. Bd3 Nd7 32. Qe4 Qxe5 33. Qa8+ Qb8 {Precision: White = 34%, Black = 75%.} (33... Nf8 $142 34. Qa4 g5) 0-1

[Event "93rd FRA-ch Acession 2018"]
[Site "Nimes"]
[Date "2018.08.25"]
[Round "8"]
[White "Bailet, Pierre"]
[Black "Duboue, Peio"]
[Result "1/2-1/2"]
[WhiteElo "2496"]
[BlackElo "2390"]
[Annotator "TA"]
[PlyCount "141"]
[EventDate "2018.08.18"]
[EventType "tourn"]
[EventCountry "FRA"]
[SourceTitle "playchess.com"]
[Source "ChessBase"]
[SourceQuality "1"]

{[%evp 14,141,15,14,29,0,22,41,37,19,16,-17,-8,-24,0,-10,50,15,22,32,17,15,22,19,19,16,11,17,44,52,62,0,0,-29,29,25,47,37,44,41,92,88,118,63,68,42,54,53,51,47,62,55,74,70,68,86,84,75,69,33,33,33,33,33,33,33,100,100,100,100,100,100,100,100,100,100,100,100,100,100,100,100,100,100,100,100,100,100,100,100,100,100,100,100,100,100,100,100,100,100,100,100,100,100,100,100,100,20,20,0,0,0,100,100,100,100,100,100,1787,1488,1370,1119,1410,0,0,0,0,0,0,0]} 1. e4 d5 2. exd5 Qxd5 3. Nf3 Bg4 4. Be2 Nc6 5. h3 (5. d4 O-O-O 6. c4 Qh5 7. Be3 e5 8. d5 e4 9. Nd4 Ne5 10. Bxg4+ Nxg4 11. h3 N8f6 12. Nc3 Nxe3 13. fxe3 Qh4+ 14. Kd2 Bc5 {1-0 (68) Tomashevsky,E (2728)-Fressinet,L (2700) Huaian 2016}) 5... Bh5 6. Nc3 {B01: Scandinavian Defence} Qd7 7. O-O O-O-O 8. b4 {LiveBook: 9 Games} Nf6 9. Rb1 Bxf3 $146 ({Predecessor:} 9... Rg8 10. Ng5 Bxe2 11. Nxe2 e5 12. b5 Nd4 13. Nxd4 exd4 {½-½ (40) Marchisotti,M (2204)-Hofer,R (2353) ICCF email 2009}) 10. Bxf3 Nd4 11. d3 Qf5 12. Be2 (12. Be4 $5 Qd7 13. Be3 $14) 12... e6 13. Be3 h5 14. a4 Bd6 (14... g5 $11) 15. Bxd4 {[#] aiming for Qd2.} Qf4 {[%csl Gd6][%cal Rf4h2]} 16. g3 Qxd4 17. Nb5 Qe5 $1 18. Bf3 (18. Nxa7+ Kb8 $15) 18... h4 19. Re1 (19. Nxa7+ Kb8 $17) 19... Qg5 20. g4 Qf4 21. Bg2 Kb8 22. a5 (22. c4 $14) 22... Nd5 $11 23. Nxd6 Rxd6 ({Black should try} 23... Nc3 24. Qf3 Qxf3 25. Bxf3 Rxd6) 24. Rb3 Qf6 25. b5 Nf4 26. Qf3 {[%csl Gg2][%cal Rf3b7]} Nd5 (26... Nxg2 $14 27. Qxg2 (27. Kxg2 Qxf3+ 28. Kxf3 Rhd8 $11) 27... Rhd8) 27. Qe4 $16 {Threatens to win with c4.} Qf4 {[#]} 28. c4 ({Better is} 28. Qe2 $1 $16) 28... Qxe4 $14 29. Rxe4 ({Much weaker is} 29. dxe4 Nf4 $17) 29... Ne7 30. c5 Rdd8 31. b6 axb6 32. axb6 cxb6 33. Rf4 Rhf8 $1 34. Rxb6 Nd5 35. Bxd5 $1 Rxd5 $16 {[%mdl 4096] Endgame KRR-KRR} 36. c6 (36. Rfb4 {keeps more tension.} Rxc5 37. Rxb7+ Ka8 38. Re7 g5 39. Ra4+) 36... Kc7 37. Rxb7+ Kxc6 38. Rfxf7 Rxf7 39. Rxf7 Rxd3 (39... g5 $14) 40. Rxg7 Rxh3 $14 {KR-KR} 41. Rh7 Kd5 42. Kg2 Ra3 43. Rxh4 Ke5 44. Rh3 Ra4 45. Kg3 Kf6 46. Rh6+ Kg5 47. Rh5+ ({Much worse is} 47. Rxe6 Rxg4+ 48. Kf3 Ra4 $11) 47... Kg6 48. Rb5 Kf6 49. f3 {[%cal Bf2f3,Bf3f4][%mdl 32]} Rc4 50. f4 Rc1 51. g5+ Kg6 52. Re5 Kf7 53. Re3 Rg1+ 54. Kf3 Ra1 55. Rd3 Rf1+ 56. Ke4 Re1+ 57. Re3 Ra1 58. Rc3 Re1+ 59. Kd4 Rd1+ 60. Rd3 (60. Ke3 $16) 60... Rf1 $11 61. Ke4 (61. Ke3 $11) 61... Re1+ $1 $16 62. Kf3 $1 Rf1+ 63. Kg3 Rg1+ 64. Kf2 Ra1 65. Rd7+ Kg6 $2 {[%mdl 8192]} (65... Kf8 $16 66. Rb7 Ra3) 66. Re7 $18 Kf5 67. Rf7+ Kg4 68. Ke3 $2 (68. g6 $18 Ra8 69. g7) 68... e5 $1 $11 {The position is equal.} 69. fxe5 {Black must now prevent g6.} Kxg5 70. Rf6 Ra3+ 71. Ke4 {Precision: White = 68%, Black = 56%.} 1/2-1/2

[Event "93rd FRA-ch Acession 2018"]
[Site "Nimes"]
[Date "2018.08.25"]
[Round "8"]
[White "Monroy, Charles"]
[Black "Velten, Paul"]
[Result "0-1"]
[WhiteElo "2428"]
[BlackElo "2464"]
[Annotator "TA"]
[PlyCount "58"]
[EventDate "2018.08.18"]
[EventType "tourn"]
[EventCountry "FRA"]
[SourceTitle "playchess.com"]
[Source "ChessBase"]
[SourceQuality "1"]

{[%evp 16,58,21,8,48,25,25,-10,-8,-28,-35,-40,-50,-37,-45,-76,-92,-104,-87,-122,-127,-123,-102,-237,-227,-239,-221,-231,-231,-419,-404,-532,-546,-544,-533,-627,-603,-726,-728,-818,-817,-774,-784,-752,-664]} 1. Nf3 Nf6 2. c4 b6 3. g3 Bb7 4. Bg2 g6 5. d4 Bg7 6. O-O O-O 7. Qc2 Be4 {A50: Queen's Fianchetto Defence (1 d4 Nf6 2 c4 b6)} (7... c5 8. d5 b5 9. e4 bxc4 10. Rd1 d6 11. Na3 Nbd7 12. Nxc4 Ng4 13. Bd2 Ba6 14. Rab1 Nge5 15. Nfxe5 Nxe5 16. Nxe5 Bxe5 {½-½ (42) Mamedyarov,S (2799)-Artemiev,V (2691) Riadh 2017}) 8. Qb3 Nc6 9. Nbd2 {LiveBook: 3 Games} Bf5 $146 {The position is equal.} ({Predecessor:} 9... d5 10. Qd1 Rc8 11. b3 dxc4 12. Bb2 cxb3 13. Nxe4 Nxe4 14. axb3 Na5 15. Qc2 {1-0 (41) Pashikian,A (2603)-Khismatullin,D (2651) Minsk 2017}) 10. e3 d6 {[%cal Bd7d6,Bd6e5][%mdl 32]} 11. Nh4 Bd7 $1 12. f4 e5 13. fxe5 dxe5 14. d5 $1 {[%cal Rd5c6]} Na5 $36 {[%mdl 2048] Black is pushing.} 15. Qc3 {[#]} e4 $1 {[%mdl 512] White must now prevent ...Ng4.} 16. Qc2 (16. Nxe4 Nxe4) 16... b5 17. Rb1 Nxc4 18. Nxc4 bxc4 19. Qxc4 (19. Bd2 $17 {might work better.}) 19... Rb8 $19 {...Bb5 is the strong threat.} 20. a4 Qe8 21. b3 {[#]} Bxa4 $1 {[%mdl 512]} 22. Rxf6 $2 (22. bxa4 Rxb1 23. Ba3 Rxf1+ 24. Bxf1) 22... Bxf6 23. Ba3 Bb5 {Black is clearly winning.} 24. Qxc7 Bd3 25. Re1 Qd8 26. Qxa7 Re8 27. d6 Ra8 28. Qc5 Re5 29. Qc1 g5 {Precision: White = 20%, Black = 85%.} 0-1

[Event "93rd FRA-ch Acession 2018"]
[Site "Nimes"]
[Date "2018.08.25"]
[Round "8"]
[White "O`Sullivan, Thomas"]
[Black "Favarel, Julien"]
[Result "0-1"]
[WhiteElo "2293"]
[BlackElo "2249"]
[Annotator "TA"]
[PlyCount "136"]
[EventDate "2018.08.18"]
[EventType "tourn"]
[EventCountry "FRA"]
[SourceTitle "playchess.com"]
[Source "ChessBase"]
[SourceQuality "1"]

{[%evp 26,136,25,7,28,0,0,0,0,-19,0,0,0,0,11,11,17,12,16,12,23,23,25,12,18,14,15,-6,-3,-6,-10,-5,0,0,0,0,0,0,0,-16,-25,-7,0,22,59,0,41,39,22,26,32,12,14,18,31,-4,-4,-4,-4,-11,-11,-11,-11,-54,-54,-97,-90,-129,-122,-205,-207,-200,-203,-244,-241,-231,-234,-237,-247,-230,-246,-243,-246,-220,-209,-293,-293,-282,-274,-422,-418,-408,-408,-431,-443,-446,-442,-480,-481,-470,-452,-506,0,-531,-511,-478,-117,-1139,-1131,-1077,-1048,-29972,-29965]} 1. d4 d5 2. c4 e6 3. Nc3 Nf6 4. cxd5 exd5 5. Bg5 c6 6. e3 Be7 7. Qc2 Nbd7 8. Bd3 h6 9. Bh4 Nh5 10. Bxe7 {D36: Queen's Gambit Declined: Exchange Variation: Main line (5 Bg5 c6 6 Qc2)} Qxe7 11. O-O-O Nb6 12. h3 (12. Nf3 Nf6 13. Kb1 Be6 14. Ka1 O-O-O 15. Na4 Kb8 16. Rc1 Rhe8 17. Nc5 Bc8 {1-0 (50) Nepomniachtchi,I (2757)-Nisipeanu,L (2672) Dortmund 2018}) 12... Be6 13. Nf3 O-O-O 14. Kb1 {LiveBook: 7 Games} Kb8 15. Na4 Nxa4 16. Qxa4 Nf6 {[%cal Bh5f6,Bf6d7,Bd7b6,Bb6c8,Bc8d6,Bd6f5][%mdl 32]} 17. Rc1 Nd7 18. Rc3 $146 Nb6 19. Qa5 Qc7 20. Ra3 Nc8 $1 21. Qb4 f6 22. Rc1 Qb6 23. Qa4 Bd7 24. Rb3 Qc7 $1 25. Qb4 Nd6 26. Nd2 Bf5 27. Bxf5 Nxf5 28. Qa4 Ne7 29. Ra3 Nc8 30. Nb3 $36 {[%mdl 2048] White has some pressure.} Rhe8 31. Nc5 Ka8 32. Rcc3 Re7 33. g3 Rd6 34. Rcb3 b6 35. Nd3 ({White should play} 35. Na6 $14 Qd7 36. Rc3) 35... Qd7 36. h4 Qf5 37. Rc3 Rc7 38. Qc2 g5 39. hxg5 hxg5 40. Nb4 Qxc2+ 41. Rxc2 Kb7 42. Rac3 a5 43. Nd3 Rdd7 44. f3 Nd6 45. Rg2 Nf5 46. Ne1 Rh7 47. Kc1 (47. g4 $17 Nd6 48. Rc1) 47... Rh1 $19 48. Kd2 Re7 49. g4 {[#]} Nxd4 $1 {[%mdl 512]} 50. Rc1 (50. exd4 Rexe1) 50... Nb5 51. Nd3 Rxc1 52. Nxc1 {[%mdl 4096] Endgame KRN-KRN} Nd6 53. b3 {[#]} Rh7 $1 54. Ne2 c5 55. Ng3 (55. Nc3 $142 Kc6 56. Rf2) 55... Rh3 56. Ke2 Kc6 57. f4 (57. Nh5 {was worth a try.}) 57... b5 58. fxg5 fxg5 59. Nf5 {Now Ne7+ and White clings on.} Ne4 60. Kd3 Kd7 61. Ng7 Kd6 62. Nf5+ Ke5 63. Ne7 Kd6 $2 (63... c4+ $19 64. bxc4 dxc4+ 65. Kc2 Rxe3) 64. Nc8+ $2 {[%mdl 8192]} (64. Nf5+ $1 $11 Ke5 65. Kc2) 64... Kd7 65. Na7 Nd6 $2 (65... b4 $19 {And now ...Rh4 would win.} 66. Nb5 Rh4) 66. a4 $2 {[%mdl 8192]} (66. Rc2 $17 Ne4 67. Nxb5) 66... bxa4 67. bxa4 d4 68. Re2 Rxe3+ {Precision: White = 40%, Black = 69%.} 0-1

[Event "93rd FRA-ch Acession 2018"]
[Site "Nimes"]
[Date "2018.08.26"]
[Round "9"]
[White "Lagarde, Maxime"]
[Black "Velten, Paul"]
[Result "1-0"]
[WhiteElo "2607"]
[BlackElo "2464"]
[Annotator "TA"]
[PlyCount "103"]
[EventDate "2018.08.18"]
[EventType "tourn"]
[EventCountry "FRA"]
[SourceTitle "playchess.com"]
[Source "ChessBase"]
[SourceQuality "1"]

{[%evp 20,103,22,20,27,25,29,23,18,10,10,9,18,9,43,28,31,25,27,29,27,27,28,20,18,27,35,23,35,2,4,10,40,32,67,67,147,131,142,141,184,177,165,70,66,60,57,55,54,23,49,49,56,60,143,143,135,141,134,124,162,89,208,208,340,345,424,412,533,531,805,801,904,900,1269,1268,1495,1318,1131,1108,1199,1138,1228,1103,12839,12837]} 1. e4 e6 2. d4 d5 3. e5 c5 4. c3 Nc6 5. Nf3 Bd7 6. Be2 Nge7 7. Na3 Nf5 8. Nc2 cxd4 9. cxd4 Nb4 10. Ne3 {C02: French: Advance Variation} (10. O-O Nxc2 11. Qxc2 Qb6 12. Qd3 h6 13. Bd2 Bb4 14. Bxb4 Qxb4 15. Rfc1 a6 16. Rc3 O-O 17. Rb3 Qa4 18. g4 Ne7 19. Rxb7 Ng6 20. Qd2 {1-0 (43) Hector,J (2556)-Sumets,A (2575) Lund 2018}) 10... Nxe3 11. fxe3 {LiveBook: 12 Games} Qb6 12. a3 {[%cal Ba2a3,Ba3a4,Ba4a5][%mdl 32] White has an edge.} Na6 13. O-O Be7 14. a4 $146 ({Predecessor:} 14. Qe1 O-O 15. Qg3 f6 16. exf6 Bxf6 17. a4 Qc7 18. Qxc7 Nxc7 {1-0 (40) Zherebukh,Y (2432)-Razin,V (2288) Khmelnitsky 2008}) 14... Nb4 15. a5 Qd8 16. Bd2 Bc6 17. Bc3 O-O 18. Qd2 Na6 19. Ne1 Qd7 20. Nd3 Bb5 21. Rf3 f5 22. exf6 Bxf6 23. Rg3 Qd6 24. Bf3 Bxd3 25. Qxd3 Rad8 (25... Nb4 $5 {[%cal Rb4d3]} 26. Qd2 Nc6 $11) 26. Rd1 Nc7 27. e4 {[%cal Be3e4,Be4e5][%mdl 32]} Qd7 (27... Qe7 $14) 28. e5 $1 $16 {[%cal Re5f6]} Be7 29. Be2 $1 Rf7 {[#]} 30. Bh5 $1 {[%cal Rh5f7]} Rf5 {[#]} 31. Bg4 (31. Rh3 $1 $18) 31... Rf7 $14 32. Bd2 g6 33. Rc1 {aiming for Rxc7!} Ne8 34. Qc2 Bh4 35. Rf3 $36 {[%mdl 2048] White has the initiative.} Rxf3 36. Bxf3 Qe7 ({Black should play} 36... Ng7 $14) 37. Qc5 $16 Qxc5 38. Rxc5 Be7 39. Rc1 Rd7 40. Rc8 (40. Bg4 $18 Ng7 41. Rc8+ Kf7 42. Bd1) 40... Rd8 (40... Kf7 $16) 41. Bg4 $18 Kf7 (41... Rxc8 {was called for.} 42. Bxe6+ Kg7 43. Bxc8 b6 44. axb6 axb6) 42. Rc1 Ng7 43. Rc7 Ke8 {intending ...Rd7.} 44. Rxb7 {White is clearly winning.} Rd7 45. a6 Nf5 46. Bxf5 gxf5 {[%mdl 4096] Endgame KRB-KRB} 47. Ba5 Bd8 48. Rb8 Ke7 49. Bb4+ Kf7 50. Bc5 Be7 51. Rb7 Bxc5 52. dxc5 {Precision: White = 63%, Black = 34%.} 1-0

[Event "93rd FRA-ch Acession 2018"]
[Site "Nimes"]
[Date "2018.08.26"]
[Round "9"]
[White "Duboue, Peio"]
[Black "Di Nicolantonio, Lucas"]
[Result "1-0"]
[WhiteElo "2390"]
[BlackElo "2379"]
[Annotator "ChessBase"]
[PlyCount "45"]
[EventDate "2018.08.18"]
[EventType "tourn"]
[EventCountry "FRA"]
[SourceTitle "playchess.com"]
[Source "ChessBase"]
[SourceQuality "1"]
[TimeControl "40/5400+30:1800+30"]

1. e4 {[%emt 0:00:00]} e5 {[%emt 0:00:00]} 2. Nc3 {[%emt 0:05:18]} Nf6 {[%emt 0:00:47]} 3. g3 {[%emt 0:00:21]} d5 {[%emt 0:08:49]} 4. exd5 {[%emt 0:00:03]} Nxd5 {[%emt 0:00:05]} 5. Bg2 {[%emt 0:00:05]} Nxc3 {[%emt 0:16:41]} 6. bxc3 {[%emt 0:00:58]} Nc6 {[%emt 0:03:16]} 7. Ne2 {[%emt 0:02:09]} Bc5 {[%emt 0:04:36]} 8. O-O {[%emt 0:01:59]} O-O {[%emt 0:00:07]} 9. Rb1 {[%emt 0:06:45]} Bb6 {[%emt 0:03:09]} 10. d3 {[%emt 0:02:01]} f5 {[%emt 0:09:59]} 11. Kh1 {[%emt 0:02:56]} f4 {[%emt 0:03:35]} 12. gxf4 {[%emt 0:06:38]} Qh4 {[%emt 0:02:49]} 13. fxe5 {[%emt 0:00:45]} Bxf2 {[%emt 0:14:17]} 14. d4 {[%emt 0:10:29]} Bg4 {[%emt 0:05:49]} 15. Qd3 {[%emt 0:01:39]} Bf5 {[%emt 0:06:15]} 16. Qc4+ {[%emt 0:05:29]} Kh8 {[%emt 0:00:20]} 17. Bf4 {[%emt 0:00:41]} Rae8 {[%emt 0:10:34]} 18. Bg3 {[%emt 0:00:00]} Bxg3 {[%emt 0:00:08]} 19. Nxg3 {[%emt 0:07:18]} Nxe5 {[%emt 0:06:35]} 20. Nxf5 {[%emt 0:01:50]} Rxf5 {[%emt 0:00:14]} 21. Qe2 {[%emt 0:02:52]} Rh5 {[%emt 0:00:21]} 22. h3 {[%emt 0:02:09]} Qg4 {[%emt 0:00:25]} 23. Qxe5 {[%emt 0:01:46]} 1-0